Miasta w Hiszpanii - nagła śmierć - Statystyki

Ogólne statystyki
  • Ten quiz został rozwiązany 50 razy
  • Średni wynik to 5 z 7
Answers on the Grid
Answers color-coded by a green-red scale on the quiz's grid according to % correct below.
Madryt
Braga
Lyon
Oviedo
Kordoba
Garonna
Lleida
Sankt gallen
Auch
Marsylia
Soria
Nantes
Logrono
San Sebastian
Sofia
 
Statystyki odpowiedzi
Odpowiedź % Poprawnych
Madryt
100%
Oviedo
93%
Kordoba
88%
San Sebastian
86%
Lleida
67%
Soria
57%
Logrono
50%
Nie znaleziono quizów pasujących do podanych kryteriów
Rozkład punktacji
Procent ludzi z każdym wynikiem
Percentyl według liczby udzielonych odpowiedzi
Twoja historia wyników
Nie rozwiązałeś tego quizu